Biostatistics /

Bibliographic Details
Main Author: Lewis, Alvin Edward, 1916-
Format: Book
Language:English
Published: New York : Reinhold Pub. Corp., [1966]
Series:Reinhold books in the biological sciences.
Subjects:

MARC

Tag First Indicator Second Indicator Subfields
LEADER 00000cam a22000001 4500
001 in00000045125
005 20151007071109.0
008 711013s1966 nyua b 00010 eng
010 |a  66022649  
035 |a (OCoLC)00528981 
035 |9 AAE5309AM 
040 |a DLC  |c DLC  |d IAV  |d TXA  |d UtOrBLW 
049 |a TXAM [Also in] [Med Sci]  |c 1 [458929] 
050 0 0 |a QH405  |b .L47 
082 1 |a 574.0182 
092 |a 574.0182  |b L673b, 1966 
100 1 |a Lewis, Alvin Edward,  |d 1916- 
245 1 0 |a Biostatistics /  |c [by] Alvin E. Lewis. 
264 1 |a New York :  |b Reinhold Pub. Corp.,  |c [1966] 
300 |a xi, 227 pages :  |b illustrations ;  |c 24 cm. 
336 |a text  |b txt  |2 rdacontent 
337 |a unmediated  |b n  |2 rdamedia 
338 |a volume  |b nc  |2 rdacarrier 
490 1 |a Reinhold books in the biological sciences 
504 |a "Recommended reading": page 224. 
650 0 |a Biometry. 
830 0 |a Reinhold books in the biological sciences. 
999 |a MARS 
999 f f |s 055711e5-de9d-33b2-aeb3-170853dd2579  |i 2acf6dba-4fc6-3966-b944-db2310791fb2  |t 0 
952 f f |p ric  |a Texas A&M University  |b Rellis Campus  |c Joint Library Facility  |d Remote Storage  |t 0  |e QH405 .L47  |h Library of Congress classification  |i unmediated -- volume  |m A14800971868 
998 f f |a QH405 .L47  |t 0  |l Remote Storage